All Planet Zoo Animals Quiz - Statistics

General Stats
  • This quiz has been taken 31 times
  • The average score is 55 of 202
Answer Stats
Continents Biomes Class Answer % Correct
North America Taiga, Temperate, Tundra Mammal Grizzly Bear
57%
North America, Europe Aquatic, Tundra, Taiga Mammal Polar Bear
57%
Africa Grassland, Tropical Mammal Aardvark
52%
Asia Tropical, Temperate, Grassland Mammal Bengal Tiger
52%
South America Aquatic, Grassland, Tropical Mammal Capybara
52%
Africa, Asia Grassland, Desert Mammal Cheetah
52%
Africa Grassland, Desert Mammal Meerkat
52%
Africa Grassland Mammal West African Lion
52%
North America Grassland, Taiga Mammal American Bison
48%
Africa Tropical Mammal Bonobo
48%
Africa Aquatic, Grassland Mammal Hippopotamus
48%
South America, North America Tropical, Grassland, Temperate, Aquatic Mammal Jaguar
48%
Oceania Desert, Grassland Mammal Red Kangaroo
48%
Asia Tropical Mammal Bornean Orangutan
43%
Asia Temperate, Taiga Mammal Giant Panda
43%
North America, Europe, Asia Taiga, Tundra, Temperate, Aquatic Mammal Moose
43%
Africa Aquatic, Tropical Mammal Pygmy Hippopotamus
43%
Europe, North America, Asia Taiga, Tundra Mammal Reindeer
43%
Africa Tropical Mammal Ring Tailed Lemur
43%
Asia Taiga, Temperate Mammal Siberian Tiger
43%
Asia Grassland, Temperate, Tropical Mammal Sloth Bear
43%
Mammal Grassland, Tropical, Aquatic Mammal African Buffalo
39%
Africa Aquatic, Desert Bird African Penguin
39%
Africa Grassland, Desert Bird Common Ostrich
39%
Oceania Desert, Grassland, Tropical, Temperate Mammal Dingo
39%
Europe and Asia Taiga, Temperate, Tundra, Grassland Mammal Eurasian Lynx
39%
South America, Central America Tropical, Grassland Mammal Giant Anteater
39%
Asia Tropical, Grassland, Temperate, Aquatic Mammal Indian Elephant
39%
Antarctica, South America, Oceania Aquatic, Tundra Bird King Penguin
39%
Oceania Tropical, Temperate Mammal Koala
39%
South America Grassland, Taiga, Temperate Mammal Llama
39%
Africa Tropical Mammal Mandrill
39%
Europe, Asia, Africa Grassland, Temperate, Taiga Mammal Red Deer
39%
North America, Europe, Africa, Asia Temperate, Taiga, Grassland, Desert, Tundra Mammal Red Fox
39%
Asia Taiga, Temperate Mammal Red Panda
39%
Africa Tropical, Grassland Mammal Reticulated Giraffe
39%
Asia, Oceania Aquatic, Tropical Reptile Saltwater Crocodile
39%
Asia Tropical, Temperate, Grassland Mammal Sun Bear
39%
Oceania Temperate Mammal Tasmanian Devil
39%
Europe, Asia, North America Taiga, Temperate, Tundra Mammal Timber Wolf
39%
Africa Tropical Mammal Western Chimpanzee
39%
Africa Grassland, Desert Mammal African Wild Dog
35%
North America Aquatic, Temperate Reptile American Alligator
35%
Asia Tropical, Temperate Mammal Binturong
35%
Africa Tropical Mammal Black-And-White Ruffed Lemur
35%
Africa Grassland, Desert Mammal Black Rhinoceros
35%
Africa, Asia Desert, Grassland, Temperate Mammal Caracal
35%
Oceania Desert, Tropical, Grassland, Temperate Bird Emu
35%
Africa Tropical Mammal Fossa
35%
South America Tropical Reptile Galapagos Giant Tortoise
35%
Africa, Asia, Europe Aquatic, Tropical, Temperate, Grassland Bird Greater Flamingo
35%
Asia Tropical, Grassland Reptile Komodo Dragon
35%
Asia Tropical Mammal Lar Gibbon
35%
Africa Grassland Mammal Plains Zebra
35%
Africa Tropical Mammal Red Ruffed Lemur
35%
Asia Tropical Mammal Siamang
35%
Africa Grassland, Desert Mammal Springbok
35%
Africa Grassland Mammal Thomson's Gazelle
35%
Africa Tropical Mammal Western Lowland Gorilla
35%
Africa, Europe Desert, Grassland Mammal African Crested Porcupine
30%
Africa Desert, Grassland, Aquatic Mammal African Savannah Elephant
30%
Africa Tropical Reptile Aldabra Giant Tortoise
30%
North, Central, and South America Aquatic, Tropical, Grassland, Temperate Bird American Flamingo
30%
North America, Europe, Asia Tundra, Taiga Mammal Arctic Fox
30%
North America Taiga, Tundra Mammal Arctic Wolf
30%
Asia Aquatic, Tropical, Grassland Mammal Asian Small-Clawed Otter
30%
Africa Grassland, Tropical Mammal Common Warthog
30%
North, Central and South America Desert, Taiga, Tropical, Grassland, Temperate Mammal Cougar
30%
North and Central America Taiga, Temperate, Grassland, Desert, Tropical Mammal Coyote
30%
Europe and Asia Taiga, Temperate, Grassland Mammal European Badger
30%
Africa Desert Mammal Fennec Fox
30%
Africa Desert Mammal Gemsbok
30%
Asia Aquatic, Tropical, Temperate Reptile Gharial
30%
South America Aquatic, Tropical, Grassland Mammal Giant Otter
30%
North America Desert Reptile Gila Monster
30%
Asia Taiga, Temperate Mammal Japanese Macaque
30%
Oceania Aquatic, Temperate, Grassland Bird Little Penguin
30%
Asia Aquatic, Tropical, Temperate Mammal Malayan Tapir
30%
Africa Tropical, Grassland, Aquatic Reptile Nile Monitor
30%
Africa Tropical Mammal Okapi
30%
Asia Taiga, Tundra, Temperate Mammal Palla's Cat
30%
Oceania Grassland Mammal Quokka
30%
Asia, Africa Desert Mammal Sand Cat
30%
Asia Taiga Mammal Snow Leopard
30%
Africa Grassland Mammal Southern White Rhinoceros
30%
South America Tropical, Tundra, Grassland, Temperate Mammal Spectacled Bear
30%
South America Aquatic, Tropical, Grassland Reptile Spectacled Caiman
30%
Africa Grassland Mammal Spotted Hyena
30%
Africa Desert Mammal Addax
26%
Africa Tropical, Grassland Mammal African Leopard
26%
South America, now distributed worldwide Temperate, Grassland, Taiga Mammal Alpaca
26%
North America Temperate, Aquatic Amphibian American Bullfrog
26%
Asia Desert, Temperate Mammal Bactrian Camel
26%
North America Grassland, Desert Mammal Black-Tailed Prairie Dog
26%
Africa Grassland Mammal Black Wildebeest
26%
Africa Tropical Mammal Bongo
26%
Oceania Temperate, Grassland Mammal Common Wombat
26%
North America Taiga, Tundra Mammal Dall Sheep
26%
Europe Temperate, Grassland Mammal European Fallow Deer
26%
North America, Europe Aquatic, Temperate, Tundra Mammal Grey Seal
26%
Asia Taiga, Tundra Mammal Himalayan Brown Bear
26%
Asia Temperate, Tropical, Grassland Bird Indian Peafowl
26%
South America Tropical, Grassland Mammal Maned Wolf
26%
North, Central and South America Desert, Tropical, Grassland, Temperate Mammal Nine-Banded Armadillo
26%
Africa Grassland, Tropical Mammal Nyala
26%
Oceania Aquatic, Tropical, Grassland, Temperate Mammal Platypus
26%
Asia Grassland, Desert Mammal Przewalski's Horse
26%
North America, Central America Aquatic, Temperate, Taiga, Grassland, Tropical Mammal Raccoon
26%
Oceania Grassland, Temperate Mammal Red-Necked Wallaby
26%
Asia Desert, Grassland Mammal Saiga
26%
Africa Desert Mammal Somali Wild Ass
26%
Africa, Asia Desert, Tropical, Grassland, Temperate Mammal Striped Hyena
26%
North America Temperate, Grassland, Taig Mammal Striped Skunk
26%
South America Tropical Mammal White-Faced Saki
26%
Asia Tropical, Aquatic, Grassland Mammal Wild Water Buffalo
26%
Europe Grassland, Taiga, Temperate Mammal Wisent
26%
Europe, Asia, North America Tundra, Taiga Mammal Wolverine
26%
Europe Taiga Mammal Alpine Ibex
22%
Asia Taiga, Temperate Mammal Amur Leopard
22%
Asia Tropical, Grassland, Aquatic Reptile Asian Water Monitor
22%
South America, Central America Tropical, Temperate, Grassland, Aquatic Mammal Baird's Tapir
22%
Africa Grassland Mammal Blue Wildebeest
22%
South and Central America Tropical Mammal Brown-Throated Sloth
22%
Asia Tropical, Temperate Mammal Chinese Pangolin
22%
North, Central and South America Desert, Tropical, Grassland, Temperate Mammal Collared Peccary
22%
Africa Tropical Mammal Coquerel's Sifaka
22%
Asia Tropical, Grassland, Taiga, Temperate Mammal Dhole
22%
Africa, Asia Desert, Grassland, Temperate Mammal Dromedary Camel
22%
Oceania Desert, Grassland, Temperate Reptile Eastern Brown Snake
22%
Africa, Asia Grassland, Desert, Tropical Mammal Egyptian Fruit Bat
22%
Europe Temperate Amphibian Fire Salamander
22%
Asia Tropical, Temperate, Taiga Mammal Formosan Black Bear
22%
South America, Central America Tropical, Grassland Reptile Green Iguana
22%
Europe, now distributed worldwide Taiga, Temperate, Tundra Mammal Highland Cattle
22%
Asia Grassland, Temperate, Aquatic Mammal Indian Rhinoceros
22%
South America, Central America Tropical Reptile Lesser Antillean Iguana
22%
North America, South America, Asia, Oceania (occasionally migrants found in Europe and Africa) Temperate, Grassland, Tropical Insect Monarch
22%
Europe, Asia Aquatic, Temperate Bird Mute Swan
22%
Oceania Temperate Bird North Island Brown Kiwi
22%
Central America, North America Tropical Amphibia Red-Eyed Tree Frog
22%
Africa Tropical, Grassland, Aquatic Mammal Red River Hog
22%
Africa Grassland Mammal Sable Antelope
22%
Europe, now distributed worldwide Taiga, Temperate, Grassland, Tropical Bird Sussex Chicken
22%
Europe, now distributed worldwide Temperate, Grassland, Taig Mammal Tamworth Pig
22%
Europe, Asia, Africa Temperate, Grassland, Desert, Taiga, Tropical Mammal Wild Boar
22%
South America Tropical Reptile Yellow Anaconda
22%
Africa Grassland, Desert Reptile African Spurred Tortoise
17%
Europe, now distributed worldwide Taiga, Temperate, Grassland, Desert Mammal Alpine Goat
17%
North America, now distributed worldwide Temperate, Grassland, Desert Mammal American Standard Donkey
17%
North America Aquatic, Desert Amphibian Axolotl
17%
North America Taiga, Grassland, Desert Mammal Bighorn Sheep
17%
South America Grassland, Tropical, Aquatic Mammal Bush Dog
17%
North America, Central America Aquatic, Temperate Mammal California Sea Lion
17%
Asia Tropical, Temperate Mammal Clouded Leopard
17%
Oceania Grassland, Temperate Reptile Common Death Adder
17%
South America Aquatic, Tropical, Temperate, Grassland Reptile Cuvier's Dwarf Caiman
17%
Africa Desert, Grassland Mammal Dama Gazelle
17%
Europe Temperate, Aquatic Amphibian Danube Crested Newt
17%
South America Tropical Arachnid Goliath Birdeater
17%
Africa Tropical, Aquatic Amphibian Goliath Frog
17%
South America Grassland, Tropical Bird Greater Rhea
17%
Africa Desert, Grassland Mammal Hamadryas Baboon
17%
Africa Aquatic, Grassland Mammal Nile Lechwe
17%
North America Taiga, Temperate, Grassland, Aquatic Mammal North American Beaver
17%
Asia Tropical, Grassland Mammal North Sulawesi Babirusa
17%
North, Central and South America Tropical, Grassland Mammal Ocelot
17%
Asia Aquatic, Tropical Mammal Proboscis Monkey
17%
North America Grassland, Temperate, Taiga, Desert Mammal Pronghorn Antelope
17%
Asia Aquatic, Tundra, Taiga, Temperate Bird Red-Crowned Crane
17%
Africa Desert, Grassland Mammal Scimitar-Horned Oryx
17%
Oceania, South East Asia Tropical Bird Southern Cassowary
17%
Asia Taiga, Temperate Mammal Takin
17%
South America Tropical Insect Amazonian Giant Centipede
13%
South America Tropical, Grassland Reptile Boa Constrictor
13%
South America Tropical Arachnid Brazilian Salmon Pink Tarantula
13%
South America Tropical Arachnid Brazilian Wandering Spider
13%
South America, Central America Tropical, Temperate Mammal Colombian White-Faced Capuchin Monkey
13%
Oceania Grassland, Temperate, Tropical Reptile Eastern Blue Tongued Lizard
13%
Europe, Asia Temperate, Grassland Insect European Peacock
13%
North America Desert Arachnid Giant Desert Hairy Scorpion
13%
Asia Tropical Insect Giant Malaysian Leaf Insect
13%
Africa Tropical, Grassland Insect Goliath Beetle
13%
Europe, now distributed worldwide Taiga, Temperate, Grassland Mammal Hill Radnor Sheep
13%
Africa Grassland Mammal Kirk's Dik-Dik
13%
South America Tropical Amphibian Lehmann's Poison Frog
13%
Central America Tropical, Desert, Temperate Arachnid Mexican Red Knee Tarantula
13%
Africa, Asia Grassland Reptile Puff Adder
13%
South America Tropical Insect Titan Beetle
13%
North and South America Temperate, Grassland, Tropical Insect Cloudless Sulphur
9%
Africa, Asia Desert Reptile Desert Horned Viper
9%
Oceania Temperate Insect Giant Burrowing Cockroach
9%
Asia Tropical Arachnid Giant Forest Scorpion
9%
South America Tropical Amphibian Golden Poison Frog
9%
Europe Grassland, Temperate Reptile Hermann's Tortoise
9%
Asia Taiga, Tundra Mammal Markhor
9%
South America Grassland, Tropical Insect Menelaus Blue Morpho
9%
Europe, Asia, North America Temperate, Grassland, Taiga, Tundra Insect Old World Swallowtail
9%
Africa, Europe, Asia Desert Insect Sacred Scarab Beetle
9%
Oceania, Asia Tropical Mammal Spectacled Flying Fox
9%
North and Central America Desert, Grassland, Temperate Reptile Western Diamondback Rattlesnake
9%
Africa Tropical, Grassland Invertebrate Giant Tiger Land Snail
4%
North America Aquatic, Temperate Reptile Diamondback Rattlesnake
0%
No matching quizzes found
Score Distribution
Percent of People with Each Score
Percentile by Number Answered
Your Score History
You have not taken this quiz